[Event "Fynsmesterskabet"]
[Site "Odense"]
[Date "2011.06.05"]
[Round "8"]
[White "Skjoldager, Mikael"]
[Black "Almer, Julia"]
[Result "1-0"]
[WhiteElo "1990"]
[BlackElo "1949"]
[PlyCount "93"]
[EventDate "2011.06.01"]
[EventType "swiss"]
[EventRounds "9"]
[EventCountry "DEN"]
[SourceTitle "CBM 142 Extra"]
[Source "ChessBase"]
[SourceDate "2011.06.27"]

1. e4 e5 2. Nf3 Nc6 3. Bb5 a6 4. Ba4 Nf6 5. O-O Be7 6. Re1 b5 7. Bb3 d6 8. c3
O-O 9. h3 Nb8 10. d4 Nbd7 11. Nbd2 Bb7 12. Bc2 Re8 13. Nf1 Bf8 14. Ng3 g6 15.
a4 c5 16. d5 c4 17. Bg5 h6 18. Be3 Nc5 19. Qd2 h5 20. Bg5 Be7 21. Ra3 Nh7 22.
Be3 Bf8 23. Rea1 Qc7 24. Ne2 Nf6 25. Ng5 Rab8 26. axb5 axb5 27. Qd1 Qd7 28. Qb1
Bh6 29. Nc1 Qe7 30. b4 cxb3 31. Nxb3 Nxd5 32. exd5 Bxg5 33. Nxc5 dxc5 34. d6
Qf6 35. Bxc5 Bh4 36. Qb4 Red8 37. Be4 Bxe4 38. Qxe4 Rdc8 39. Ba7 Ra8 40. d7 Rd8
41. g3 Bg5 42. h4 Bh6 43. Ra6 Qe7 44. Qd5 Qxd7 45. Rxg6+ Kh7 46. Rxh6+ Kxh6 47.
Qxd7 1-0

[Event "Fynsmesterskabet"]
[Site "Odense"]
[Date "2011.06.05"]
[Round "8"]
[White "Smith, Axel"]
[Black "Tikkanen, Hans"]
[Result "1/2-1/2"]
[WhiteElo "2450"]
[BlackElo "2560"]
[PlyCount "23"]
[EventDate "2011.06.01"]
[EventType "swiss"]
[EventRounds "9"]
[EventCountry "DEN"]
[SourceTitle "CBM 142 Extra"]
[Source "ChessBase"]
[SourceDate "2011.06.27"]

1. c4 c5 2. Nf3 Nc6 3. g3 e5 4. Nc3 g6 5. Bg2 d6 6. O-O Nge7 7. a3 Bg7 8. b4 e4
9. Ng5 f5 10. Bb2 Ne5 11. d3 N7c6 12. Nh3 1/2-1/2

[Event "Fynsmesterskabet"]
[Site "Odense"]
[Date "2011.06.05"]
[Round "8"]
[White "Svendsen, Mads Bilde"]
[Black "Eriksson, Christian Altenburg"]
[Result "1/2-1/2"]
[WhiteElo "2163"]
[BlackElo "2139"]
[PlyCount "75"]
[EventDate "2011.06.01"]
[EventType "swiss"]
[EventRounds "9"]
[EventCountry "DEN"]
[SourceTitle "CBM 142 Extra"]
[Source "ChessBase"]
[SourceDate "2011.06.27"]

1. d4 d5 2. c4 c6 3. Nf3 Nf6 4. Nc3 e6 5. Bg5 Nbd7 6. e3 Qa5 7. Nd2 Bb4 8. Qc2
O-O 9. Be2 h6 10. Bh4 c5 11. O-O cxd4 12. exd4 Bxc3 13. bxc3 b6 14. a4 dxc4 15.
Nxc4 Qf5 16. Qxf5 exf5 17. Bxf6 Nxf6 18. Bf3 Ba6 19. Nd6 Rad8 20. Nb5 Ne4 21.
Bxe4 fxe4 22. Rfe1 Rc8 23. Re3 Bxb5 24. axb5 Rfd8 25. g4 Rd5 26. Rxa7 Rxb5 27.
Kg2 f5 28. gxf5 Rxf5 29. Rg3 g5 30. h4 Rcf8 31. hxg5 Rxf2+ 32. Kh3 h5 33. Re7
R8f4 34. Re6 Rf1 35. g6 R1f3 36. Re8+ Kg7 37. Re7+ Kg8 38. Rh7 1/2-1/2

[Event "Fynsmesterskabet"]
[Site "Odense"]
[Date "2011.06.05"]
[Round "9"]
[White "Almer, Julia"]
[Black "Grau, Peter"]
[Result "0-1"]
[WhiteElo "1949"]
[BlackElo "2101"]
[PlyCount "80"]
[EventDate "2011.06.01"]
[EventType "swiss"]
[EventRounds "9"]
[EventCountry "DEN"]
[SourceTitle "CBM 142 Extra"]
[Source "ChessBase"]
[SourceDate "2011.06.27"]

1. e4 e5 2. Nf3 Nc6 3. Bb5 a6 4. Ba4 Nf6 5. O-O Be7 6. Re1 b5 7. Bb3 d6 8. c3
O-O 9. d3 h6 10. Nbd2 Re8 11. Nf1 Bf8 12. a4 Bb7 13. Ne3 Nb8 14. Nf5 Nbd7 15.
N3h4 Nc5 16. Re3 d5 17. Rg3 Kh7 18. Ba2 Ne6 19. Qd2 Ng8 20. Qe2 g6 21. Qg4 Nf6
22. Qh3 Nf4 23. Bxf4 exf4 24. Rf3 g5 25. Nxh6 Bxh6 26. Nf5 Ng8 27. Qh5 Qf6 28.
Rh3 c5 29. f3 Rad8 30. Re1 Bc8 31. Nxh6 Nxh6 32. g4 Kg7 33. e5 Qg6 34. Bb1 d4
35. Ba2 Re7 36. e6 f6 37. axb5 axb5 38. cxd4 cxd4 39. Rc1 Rde8 40. Rc5 Bxe6 0-1

[Event "Fynsmesterskabet"]
[Site "Odense"]
[Date "2011.06.05"]
[Round "9"]
[White "Andersen, Lars Ren"]
[Black "Preuss, Flemming"]
[Result "0-1"]
[WhiteElo "2137"]
[BlackElo "1991"]
[PlyCount "124"]
[EventDate "2011.06.01"]
[EventType "swiss"]
[EventRounds "9"]
[EventCountry "DEN"]
[SourceTitle "CBM 142 Extra"]
[Source "ChessBase"]
[SourceDate "2011.06.27"]

1. c4 f5 2. g3 Nf6 3. Bg2 d6 4. Nc3 e5 5. d3 c6 6. e3 Be7 7. Nge2 O-O 8. O-O
Be6 9. Bd2 Nbd7 10. Kh1 Kh8 11. b3 Qc7 12. Rc1 Rg8 13. Qc2 Bf7 14. f4 g6 15. e4
fxe4 16. Nxe4 Nxe4 17. Bxe4 Rgf8 18. fxe5 dxe5 19. Bh6 Kg8 20. Bxf8 Rxf8 21.
Nc3 Kg7 22. Qe2 Nc5 23. Bg2 Rd8 24. Rcd1 Re8 25. Rde1 Bf6 26. Ne4 Nxe4 27. Bxe4
Be6 28. Qf2 Qe7 29. Qxa7 Bh3 30. Bg2 Bf5 31. Qe3 h5 32. h3 Bg5 33. Qf3 Qd7 34.
h4 Bf6 35. Qf2 Qxd3 36. Qe3 Qd7 37. Be4 Bxe4+ 38. Qxe4 Qh3+ 39. Kg1 Qxg3+ 40.
Qg2 Bxh4 41. Re4 Qxg2+ 42. Kxg2 Bf6 43. Rd1 Re7 44. a4 g5 45. a5 Kg6 46. b4 g4
47. b5 cxb5 48. cxb5 Kf5 49. Ra4 Bg5 50. Rf1+ Bf4 51. a6 bxa6 52. bxa6 Ra7 53.
Rb1 h4 54. Rb8 h3+ 55. Kf2 g3+ 56. Kf3 g2 57. Rf8+ Ke6 58. Rg8 Kf7 59. Rg4 Kf6
60. Kf2 Kf5 61. Rh4 Bh2 62. Ra1 Rxa6 0-1

[Event "Fynsmesterskabet"]
[Site "Odense"]
[Date "2011.06.05"]
[Round "9"]
[White "Carlstedt, Jonathan"]
[Black "Danielsen, Henrik"]
[Result "0-1"]
[WhiteElo "2308"]
[BlackElo "2545"]
[PlyCount "64"]
[EventDate "2011.06.01"]
[EventType "swiss"]
[EventRounds "9"]
[EventCountry "DEN"]
[SourceTitle "CBM 142 Extra"]
[Source "ChessBase"]
[SourceDate "2011.06.27"]

1. c4 e5 2. g3 d6 3. Bg2 f5 4. Nc3 Nf6 5. d3 Be7 6. e3 a5 7. Nge2 c6 8. O-O O-O
9. f4 Na6 10. b3 Bd7 11. Qd2 Qc7 12. Bb2 Rae8 13. Rae1 Bd8 14. e4 Qc8 15. d4
Bc7 16. fxe5 dxe5 17. dxe5 Bxe5 18. Nd4 Nb4 19. Re2 Rd8 20. exf5 Bxd4+ 21. Qxd4
Bxf5 22. Qe5 Bd3 23. Ne4 Bxe2 24. Nxf6+ Rxf6 25. Rxf6 gxf6 26. Qxf6 Rd1+ 27.
Kf2 Nd3+ 28. Kxe2 Nxb2 29. Qg5+ Kf7 30. Qh5+ Kf8 31. Qh6+ Ke8 32. Qf6 Qd7 0-1

[Event "Fynsmesterskabet"]
[Site "Odense"]
[Date "2011.06.05"]
[Round "9"]
[White "Eriksson, Christian Altenburg"]
[Black "Rostgaard, Tobias Valentin"]
[Result "0-1"]
[WhiteElo "2139"]
[BlackElo "2207"]
[PlyCount "108"]
[EventDate "2011.06.01"]
[EventType "swiss"]
[EventRounds "9"]
[EventCountry "DEN"]
[SourceTitle "CBM 142 Extra"]
[Source "ChessBase"]
[SourceDate "2011.06.27"]

1. e4 g6 2. d4 Bg7 3. Nc3 d6 4. Be3 a6 5. Nf3 b5 6. Bd3 Nd7 7. Ne2 Bb7 8. c3
Ngf6 9. Ng3 O-O 10. Qd2 Re8 11. O-O e5 12. Bg5 exd4 13. cxd4 c5 14. d5 Qc7 15.
Rac1 Ng4 16. h3 Nge5 17. Be2 Nxf3+ 18. Bxf3 a5 19. b3 Ba6 20. Rfd1 c4 21. bxc4
bxc4 22. Be2 Rec8 23. Qc2 c3 24. Bxa6 Rxa6 25. Be3 Raa8 26. Ne2 Rab8 27. Nd4
Rb2 28. Qa4 Nc5 29. Qc4 Nxe4 30. Nc6 f5 31. Bd4 Bxd4 32. Rxd4 Re8 33. Rxe4 fxe4
34. Qxc3 Qg7 35. Qxa5 Qf6 36. Rf1 Rf8 37. Qa7 Rf7 38. Qe3 Rxa2 39. Nd4 Qf4 40.
Qxf4 Rxf4 41. Ne6 Rf5 42. Rc1 Ra8 43. h4 Rb8 44. Ng5 Re8 45. Rc7 h6 46. Ne6
Rxd5 47. Nf4 Rd1+ 48. Kh2 g5 49. hxg5 hxg5 50. Nh5 Rf8 51. Rg7+ Kh8 52. Rxg5
Rxf2 53. Kg3 e3 54. Nf4 Rxf4 0-1

[Event "Fynsmesterskabet"]
[Site "Odense"]
[Date "2011.06.05"]
[Round "9"]
[White "Hansen, Ib Lynaes"]
[Black "Rasmussen, Jens"]
[Result "1-0"]
[WhiteElo "1920"]
[BlackElo "1789"]
[PlyCount "73"]
[EventDate "2011.06.01"]
[EventType "swiss"]
[EventRounds "9"]
[EventCountry "DEN"]
[SourceTitle "CBM 142 Extra"]
[Source "ChessBase"]
[SourceDate "2011.06.27"]

1. e4 c5 2. Nc3 e6 3. d3 a6 4. g3 b5 5. Bg2 Bb7 6. Nf3 Nc6 7. O-O Nd4 8. Bf4
Qc8 9. a4 d6 10. axb5 Nxf3+ 11. Qxf3 axb5 12. Nxb5 e5 13. Bd2 Ba6 14. Nc3 Ne7
15. Qh5 Qb8 16. b3 h6 17. f4 g6 18. Qf3 Bg7 19. f5 f6 20. fxg6 Bc8 21. Rxa8
Qxa8 22. Nb5 Qb8 23. Nc3 h5 24. Nd5 Nxd5 25. exd5 Bg4 26. Qe4 Qc8 27. Qa4+ Bd7
28. Bh3 h4 29. Bxd7+ Qxd7 30. Qxd7+ Kxd7 31. Ra1 hxg3 32. Ra7+ Ke8 33. Rxg7
Rxh2 34. Rg8+ Ke7 35. g7 Rxd2 36. Rh8 Rh2 37. g8=Q 1-0

[Event "Fynsmesterskabet"]
[Site "Odense"]
[Date "2011.06.05"]
[Round "9"]
[White "Hansen, Mads"]
[Black "Pedersen, Hans Buus"]
[Result "0-1"]
[WhiteElo "2225"]
[BlackElo "2141"]
[PlyCount "28"]
[EventDate "2011.06.01"]
[EventType "swiss"]
[EventRounds "9"]
[EventCountry "DEN"]
[SourceTitle "CBM 142 Extra"]
[Source "ChessBase"]
[SourceDate "2011.06.27"]

1. e4 d5 2. exd5 Qxd5 3. Nc3 Qa5 4. d4 Nf6 5. Bc4 c6 6. Bd2 Bf5 7. Qe2 Qc7 8.
O-O-O e6 9. Nf3 Bb4 10. Nb5 Bxd2+ 11. Rxd2 cxb5 12. Bxb5+ Kf8 13. d5 exd5 14.
Re1 Nc6 0-1

[Event "Fynsmesterskabet"]
[Site "Odense"]
[Date "2011.06.05"]
[Round "9"]
[White "Johansen, Johnny Holler"]
[Black "Randlov, Carsten"]
[Result "1/2-1/2"]
[WhiteElo "1986"]
[BlackElo "1863"]
[PlyCount "64"]
[EventDate "2011.06.01"]
[EventType "swiss"]
[EventRounds "9"]
[EventCountry "DEN"]
[SourceTitle "CBM 142 Extra"]
[Source "ChessBase"]
[SourceDate "2011.06.27"]

1. e4 d6 2. d4 Nf6 3. Nc3 g6 4. Nf3 Bg7 5. h3 c6 6. Bd3 Nbd7 7. O-O e5 8. dxe5
dxe5 9. Be3 O-O 10. Qd2 Qc7 11. Rad1 Re8 12. a3 Nb6 13. Be2 Be6 14. Ng5 Bf8 15.
Nxe6 Rxe6 16. Qc1 Rd8 17. Rxd8 Qxd8 18. Rd1 Rd6 19. Rxd6 Qxd6 20. Qd1 Kg7 21.
Qxd6 Bxd6 22. f3 Nfd7 23. b4 a6 24. Nb1 Bc7 25. c4 Nf8 26. c5 Nbd7 27. Bc4 Kf6
28. Nd2 Ne6 29. Bxe6 Kxe6 30. Nc4 f5 31. g3 f4 32. Bf2 Kf6 1/2-1/2

[Event "Fynsmesterskabet"]
[Site "Odense"]
[Date "2011.06.05"]
[Round "9"]
[White "Kjolberg, Jens Hjorth"]
[Black "Poulsen, Iver"]
[Result "0-1"]
[WhiteElo "1931"]
[BlackElo "2100"]
[PlyCount "91"]
[EventDate "2011.06.01"]
[EventType "swiss"]
[EventRounds "9"]
[EventCountry "DEN"]
[SourceTitle "CBM 142 Extra"]
[Source "ChessBase"]
[SourceDate "2011.06.27"]

1. e4 c5 2. Nf3 Nc6 3. d4 cxd4 4. Nxd4 d5 5. exd5 Qxd5 6. Be3 e6 7. Nc3 Bb4 8.
Ndb5 Qe5 9. a3 Be7 10. Qd2 a6 11. Nd4 Nf6 12. O-O-O O-O 13. Nb3 Qc7 14. Bd3 b5
15. Qe2 Bb7 16. Ne4 Ne5 17. Nxf6+ Bxf6 18. f4 Nxd3+ 19. Rxd3 Bd5 20. Nd2 Bc4
21. Nxc4 bxc4 22. Rdd1 c3 23. b3 Qa5 24. a4 Rab8 25. Qc4 Rfc8 26. Qd3 Be7 27.
Bd4 Qb4 28. Rdf1 Rd8 29. Bxc3 Qa3+ 30. Bb2 Rxd3 31. Bxa3 Bxa3+ 32. Kb1 Rd2 33.
Rd1 Rbd8 34. Rxd2 Rxd2 35. g3 Kf8 36. Ka2 Bb4 37. Kb1 Ke7 38. Rc1 Bc3 39. Ka2
a5 40. b4 Bxb4 41. Kb3 Rxh2 42. c3 Bd6 43. Rb1 Rg2 44. Kc4 Rxg3 45. Rb7+ Kf6
46. Ra7 0-1

[Event "Fynsmesterskabet"]
[Site "Odense"]
[Date "2011.06.05"]
[Round "9"]
[White "Larsen, Ulrik Jejlskov"]
[Black "Skjoldager, Per"]
[Result "0-1"]
[WhiteElo "1755"]
[BlackElo "2107"]
[PlyCount "68"]
[EventDate "2011.06.01"]
[EventType "swiss"]
[EventRounds "9"]
[EventCountry "DEN"]
[SourceTitle "CBM 142 Extra"]
[Source "ChessBase"]
[SourceDate "2011.06.27"]

1. e4 c6 2. d4 d5 3. e5 Bf5 4. Nf3 e6 5. Be2 c5 6. Be3 cxd4 7. Nxd4 Ne7 8. Nc3
Bg6 9. h4 h6 10. h5 Bh7 11. f4 Nbc6 12. Ncb5 Nf5 13. Nxf5 Bxf5 14. Nd4 Be4 15.
Qd2 Be7 16. O-O-O a6 17. a3 Rc8 18. Bd3 Bxd3 19. Qxd3 Na5 20. Nxe6 fxe6 21.
Qg6+ Kd7 22. f5 Rc6 23. fxe6+ Kc8 24. Qxg7 Rg8 25. Qxh6 Rxg2 26. Qh7 Nc4 27.
Bd4 Rc7 28. Qf5 Qf8 29. Qh3 Qf4+ 30. Kb1 Nd2+ 31. Ka2 Rg3 32. Qh2 Rxa3+ 33.
bxa3 Rxc2+ 34. Bb2 Qc4+ 0-1

[Event "Fynsmesterskabet"]
[Site "Odense"]
[Date "2011.06.05"]
[Round "9"]
[White "Lund, Silas"]
[Black "Christensen, Bo Garner"]
[Result "1-0"]
[WhiteElo "2401"]
[BlackElo "2287"]
[PlyCount "47"]
[EventDate "2011.06.01"]
[EventType "swiss"]
[EventRounds "9"]
[EventCountry "DEN"]
[SourceTitle "CBM 142 Extra"]
[Source "ChessBase"]
[SourceDate "2011.06.27"]

1. d4 Nf6 2. c4 e5 3. dxe5 Ng4 4. Bf4 Nc6 5. Nf3 f6 6. exf6 Qxf6 7. Qd2 Bc5 8.
e3 d6 9. Nc3 Be6 10. Ne4 Qf5 11. Bd3 Bb4 12. Nc3 Qa5 13. Rc1 O-O-O 14. a3 Bxc3
15. Qxc3 Qh5 16. Be4 Nf6 17. Bxc6 bxc6 18. Nd4 Bd7 19. O-O Rde8 20. c5 Re4 21.
Nxc6 Rxf4 22. exf4 d5 23. Nxa7+ Kd8 24. c6 1-0

[Event "Fynsmesterskabet"]
[Site "Odense"]
[Date "2011.06.05"]
[Round "9"]
[White "Macak, Stefan"]
[Black "Svendsen, Mads Bilde"]
[Result "1/2-1/2"]
[WhiteElo "2400"]
[BlackElo "2163"]
[PlyCount "108"]
[EventDate "2011.06.01"]
[EventType "swiss"]
[EventRounds "9"]
[EventCountry "DEN"]
[SourceTitle "CBM 142 Extra"]
[Source "ChessBase"]
[SourceDate "2011.06.27"]

1. e4 c5 2. Nf3 g6 3. d4 cxd4 4. Nxd4 Nc6 5. c4 Nf6 6. Nc3 d6 7. Nc2 Bg7 8. Be2
O-O 9. O-O Nd7 10. Bd2 a5 11. Rb1 Nc5 12. f3 f5 13. Ne3 Nd4 14. exf5 Nxf5 15.
Ncd5 Nxe3 16. Nxe3 Bd4 17. Kh1 Bf5 18. Nxf5 Rxf5 19. Bxa5 Qxa5 20. Qxd4 Qxa2
21. f4 Raf8 22. g3 Qb3 23. Rbe1 R5f6 24. Qd5+ Kh8 25. Bd1 Qxb2 26. Rxe7 b5 27.
cxb5 Qxb5 28. Rfe1 Qd3 29. Qg5 Re6 30. R7xe6 Nxe6 31. Qe7 Qd5+ 32. Kg1 Qd4+ 33.
Kg2 Qd2+ 34. Kf1 Qd3+ 35. Kf2 Qd2+ 36. Re2 Qxd1 37. Rxe6 Qd4+ 38. Kf3 Qd3+ 39.
Kg2 Qd5+ 40. Kf2 Qd4+ 41. Kg2 Qd5+ 42. Re4 Ra8 43. Qf6+ Kg8 44. Qe6+ Qxe6 45.
Rxe6 Ra2+ 46. Kh3 Rd2 47. Re7 d5 48. Rd7 d4 49. Kg4 Rxh2 50. Rxd4 Rh5 51. Rd8+
Kg7 52. Rd7+ Kg8 53. Kf3 Ra5 54. g4 h5 1/2-1/2

[Event "Fynsmesterskabet"]
[Site "Odense"]
[Date "2011.06.05"]
[Round "9"]
[White "Meszaros, Michal"]
[Black "Frantsen, Tom"]
[Result "1-0"]
[WhiteElo "2414"]
[BlackElo "2117"]
[PlyCount "67"]
[EventDate "2011.06.01"]
[EventType "swiss"]
[EventRounds "9"]
[EventCountry "DEN"]
[SourceTitle "CBM 142 Extra"]
[Source "ChessBase"]
[SourceDate "2011.06.27"]

1. d4 Nf6 2. c4 d6 3. Nc3 Nbd7 4. e4 e5 5. Nf3 Be7 6. Be2 O-O 7. O-O c6 8. Re1
Qc7 9. Bf1 Re8 10. d5 a6 11. Be3 cxd5 12. cxd5 b5 13. Nd2 Qb8 14. b4 Nb6 15. h3
Bd7 16. f4 exf4 17. Bxf4 Rc8 18. Rc1 Ra7 19. Qf3 Qa8 20. Be3 Qb8 21. Bd4 Ne8
22. Qg3 Bf6 23. Nf3 Rac7 24. e5 dxe5 25. Bxe5 Bxe5 26. Nxe5 Nf6 27. d6 Rb7 28.
Nxf7 Be8 29. Nh6+ Kh8 30. Nf5 Nc4 31. Rcd1 Bg6 32. Ne7 Bc2 33. Nxc8 Bxd1 34. d7
1-0

[Event "Fynsmesterskabet"]
[Site "Odense"]
[Date "2011.06.05"]
[Round "9"]
[White "Nord, Michael"]
[Black "Bonnelykke, Ole"]
[Result "1-0"]
[WhiteElo "1974"]
[BlackElo "2067"]
[PlyCount "77"]
[EventDate "2011.06.01"]
[EventType "swiss"]
[EventRounds "9"]
[EventCountry "DEN"]
[SourceTitle "CBM 142 Extra"]
[Source "ChessBase"]
[SourceDate "2011.06.27"]

1. e4 c5 2. c3 e6 3. d4 Nf6 4. e5 Nd5 5. Bc4 Nb6 6. Bb3 Nc6 7. Nf3 Qc7 8. O-O
d6 9. dxc5 dxc5 10. Re1 Be7 11. Bf4 Bd7 12. a4 c4 13. Bc2 Nd5 14. Bg3 h5 15. h3
g5 16. Na3 g4 17. Nb5 Qb6 18. Nfd4 Nxd4 19. Nxd4 gxh3 20. a5 Qc5 21. Ba4 O-O-O
22. Bxd7+ Kxd7 23. Qa4+ Kc8 24. a6 b6 25. Nb5 Kb8 26. Re4 h4 27. Rxc4 hxg3 28.
Rxc5 Bxc5 29. Nd4 Ne7 30. Nc6+ Kc7 31. Nxe7 gxf2+ 32. Kh1 hxg2+ 33. Kxg2 f1=Q+
34. Rxf1 Rd2+ 35. Kg3 Bxe7 36. Qc4+ Kd8 37. Rf4 Ke8 38. Rd4 Rg8+ 39. Kf3 1-0

[Event "Fynsmesterskabet"]
[Site "Odense"]
[Date "2011.06.05"]
[Round "9"]
[White "Brondt, Nicolai Kvist"]
[Black "Knudsen, Jesper"]
[Result "1-0"]
[WhiteElo "2151"]
[BlackElo "2050"]
[PlyCount "59"]
[EventDate "2011.06.01"]
[EventType "swiss"]
[EventRounds "9"]
[EventCountry "DEN"]
[SourceTitle "CBM 142 Extra"]
[Source "ChessBase"]
[SourceDate "2011.06.27"]

1. Nf3 c5 2. c4 Nc6 3. g3 g6 4. Bg2 Bg7 5. O-O d6 6. Nc3 e5 7. d3 Nf6 8. Bg5 h6
9. Bxf6 Bxf6 10. a3 Be6 11. b4 O-O 12. Rb1 Qd7 13. Ne1 Bg7 14. Qa4 Rfc8 15. Nc2
cxb4 16. axb4 Nd8 17. Qxd7 Bxd7 18. Ne4 d5 19. Nc5 dxc4 20. Nxd7 cxd3 21. Ne3
dxe2 22. Rfe1 Rc7 23. Nc5 Nc6 24. Nd5 Rcc8 25. b5 Bf8 26. bxc6 bxc6 27. Nf6+
Kg7 28. Nfd7 a5 29. Nxf8 Kxf8 30. Nd7+ 1-0

[Event "Fynsmesterskabet"]
[Site "Odense"]
[Date "2011.06.05"]
[Round "9"]
[White "Teplyi, Igor"]
[Black "Epishin, Vladimir"]
[Result "1/2-1/2"]
[WhiteElo "2387"]
[BlackElo "2562"]
[PlyCount "120"]
[EventDate "2011.06.01"]
[EventType "swiss"]
[EventRounds "9"]
[EventCountry "DEN"]
[SourceTitle "CBM 142 Extra"]
[Source "ChessBase"]
[SourceDate "2011.06.27"]

1. Nf3 g6 2. d4 Bg7 3. c4 c5 4. d5 e5 5. Nc3 d6 6. e4 h5 7. b3 Bh6 8. Bb2 Bg4
9. Be2 Nd7 10. O-O Bxf3 11. Bxf3 Ngf6 12. a3 O-O 13. g3 Ne8 14. Bg2 Ng7 15. Bh3
f5 16. exf5 gxf5 17. Kh1 Nf6 18. f3 h4 19. g4 fxg4 20. fxg4 Qe7 21. Qd3 Nh7 22.
Bg2 Rxf1+ 23. Rxf1 Rf8 24. h3 Rxf1+ 25. Qxf1 Ne8 26. Qf5 Qf7 27. Qxf7+ Kxf7 28.
Be4 Nhf6 29. Bc2 a6 30. Bf5 Nc7 31. Kg2 b5 32. Kf3 b4 33. Nd1 bxa3 34. Bxa3 a5
35. Bc8 Na8 36. Bb7 Nb6 37. Bc6 Nc8 38. Bb2 Ne7 39. Bc3 e4+ 40. Kg2 Ng6 41.
Bxa5 Nf4+ 42. Kh2 Nd3 43. Kg2 Nf4+ 44. Kh2 Nd3 45. Kg2 Bc1 46. g5 Bxg5 47. Nf2
Nf4+ 48. Kh2 e3 49. Nd1 Ne2 50. b4 cxb4 51. Bxb4 Ne4 52. Ba4 Nd4 53. Nc3 Bf4+
54. Kg2 Nd2 55. Bd1 Nxc4 56. Ne2 Nxe2 57. Bxe2 Nd2 58. Bxd2 exd2 59. Kf3 Bh6
60. Ke4 Kf6 1/2-1/2

[Event "Fynsmesterskabet"]
[Site "Odense"]
[Date "2011.06.05"]
[Round "9"]
[White "Tikkanen, Hans"]
[Black "Antonsen, Mikkel"]
[Result "1-0"]
[WhiteElo "2560"]
[BlackElo "2472"]
[PlyCount "39"]
[EventDate "2011.06.01"]
[EventType "swiss"]
[EventRounds "9"]
[EventCountry "DEN"]
[SourceTitle "CBM 142 Extra"]
[Source "ChessBase"]
[SourceDate "2011.06.27"]

1. c4 e6 2. d4 d5 3. Nc3 Be7 4. cxd5 exd5 5. Bf4 c6 6. e3 Bf5 7. Nge2 Nf6 8.
Ng3 Bg6 9. h4 h6 10. h5 Bh7 11. Bd3 Bxd3 12. Qxd3 O-O 13. Nf5 Nbd7 14. O-O-O
Bb4 15. Kb1 Nb6 16. e4 Nh7 17. e5 Qd7 18. Bxh6 Bxc3 19. Bxg7 f6 20. exf6 1-0

[Event "Fynsmesterskabet"]
[Site "Odense"]
[Date "2011.06.05"]
[Round "9"]
[White "Topholm, Morten"]
[Black "Skjoldager, Mikael"]
[Result "1-0"]
[WhiteElo "2159"]
[BlackElo "1990"]
[PlyCount "39"]
[EventDate "2011.06.01"]
[EventType "swiss"]
[EventRounds "9"]
[EventCountry "DEN"]
[SourceTitle "CBM 142 Extra"]
[Source "ChessBase"]
[SourceDate "2011.06.27"]

1. e4 e5 2. Bc4 Nf6 3. d3 Nc6 4. Nc3 Na5 5. Nge2 Nxc4 6. dxc4 Bb4 7. Qd3 d6 8.
O-O Bxc3 9. Nxc3 h6 10. f4 exf4 11. Bxf4 O-O 12. Rae1 Re8 13. Bxh6 gxh6 14.
Qg3+ Kh7 15. Nd5 Re6 16. Qh4 Kg7 17. Re3 Bd7 18. Rg3+ Ng4 19. Qxg4+ Rg6 20.
Rxf7+ 1-0

[Event "Fynsmesterskabet"]
[Site "Odense"]
[Date "2011.06.05"]
[Round "9"]
[White "Vaarala, Eric"]
[Black "Smith, Axel"]
[Result "1/2-1/2"]
[WhiteElo "2189"]
[BlackElo "2450"]
[PlyCount "62"]
[EventDate "2011.06.01"]
[EventType "swiss"]
[EventRounds "9"]
[EventCountry "DEN"]
[SourceTitle "CBM 142 Extra"]
[Source "ChessBase"]
[SourceDate "2011.06.27"]

1. Nf3 d5 2. c4 d4 3. e4 Nc6 4. d3 e5 5. Be2 Bc5 6. Bg5 f6 7. Bd2 Nge7 8. h3
O-O 9. g4 Ng6 10. Qb3 Rb8 11. Rg1 Be6 12. a4 a6 13. Na3 Qd6 14. h4 Bb4 15. Bxb4
Nxb4 16. Nc2 Nxc2+ 17. Qxc2 Nf4 18. g5 Kh8 19. h5 Qc5 20. Qd2 a5 21. g6 h6 22.
Nh4 f5 23. exf5 Bxf5 24. Nxf5 Rxf5 25. Bg4 Rf6 26. O-O-O e4 27. dxe4 Qxc4+ 28.
Kb1 d3 29. Bf5 Ne2 30. Rge1 Rb6 31. Qxd3 Nc3+ 1/2-1/2

[Event "Fynsmesterskabet"]
[Site "Odense"]
[Date "2011.06.05"]
[Round "9"]
[White "Wilton, Lars"]
[Black "Rhee, Alexander H"]
[Result "1-0"]
[WhiteElo "2144"]
[BlackElo "2097"]
[PlyCount "71"]
[EventDate "2011.06.01"]
[EventType "swiss"]
[EventRounds "9"]
[EventCountry "DEN"]
[SourceTitle "CBM 142 Extra"]
[Source "ChessBase"]
[SourceDate "2011.06.27"]

1. d4 g6 2. e4 d6 3. Nc3 Bg7 4. Bg5 c6 5. Nf3 Qb6 6. Qd2 Qxb2 7. Rb1 Qa3 8. Bc4
Nd7 9. O-O h6 10. Be3 Nb6 11. Bb3 Qa6 12. e5 d5 13. Qe1 Bg4 14. Nd2 Bh5 15. h3
g5 16. f4 gxf4 17. Rxf4 e6 18. Qf2 Ne7 19. g4 Bg6 20. Nf3 Rf8 21. Nh4 Bh7 22.
Rf1 O-O-O 23. Qe1 Bg8 24. Ne2 Ng6 25. R4f3 Nd7 26. Nc1 Ngxe5 27. dxe5 Nxe5 28.
Rf4 Ng6 29. Nxg6 fxg6 30. Rxf8 Rxf8 31. Rxf8+ Bxf8 32. Qf2 Qa3 33. Nd3 b6 34.
Qf6 g5 35. Qh8 Bf7 36. Nc5 1-0